| 000 | 00434nam a2200205Ia 4500 | ||
|---|---|---|---|
| 001 | 13396 | ||
| 003 | GE_BSU | ||
| 008 | 181216s||||||||xx |||||||||||||| ||und|| | ||
| 020 | _a0000000052641 | ||
| 040 | _cGE_BSU | ||
| 080 | _a821.111-32 | ||
| 100 | _aJames,P.D. | ||
| 245 | 2 | _aA Certain Justice. | |
| 260 | _aLondon. | ||
| 260 | _bBCA. | ||
| 260 | _c1997 | ||
| 300 | _a390p;20cm. | ||
| 653 | _aA Certain Justice. | ||
| 942 | _cBK | ||
| 999 |
_c46557 _d46557 |
||